Guidance needed to avoid costly disputes. (Record no. 84658)

MARC details
000 -LEADER
fixed length control field 00948cab a22002175a 4500
001 - CONTROL NUMBER
control field L158679
008 - FIXED-LENGTH DATA ELEMENTS--GENERAL INFORMATION
fixed length control field 150611e20150530xxk 000 0 eng d
035 ## - SYSTEM CONTROL NUMBER
System control number (Sirsi) u158679
041 0# - LANGUAGE CODE
Language code of text/sound track or separate title eng
100 1# - MAIN ENTRY--PERSONAL NAME
Personal name Kapoor, Chhavie
245 00 - TITLE STATEMENT
Title Guidance needed to avoid costly disputes.
260 ## - PUBLICATION, DISTRIBUTION, ETC.
Date of publication, distribution, etc. 2015
490 ## - SERIES STATEMENT
Series statement Estates Gazette
Volume/sequential designation (1521) 30 May 2015, 73(1)
520 ## - SUMMARY, ETC.
Summary, etc. Looks at the legal position on solar panels and discusses whether a specifed solar panel can acquire a prescriptive right to receive light through 20 years' long use? Notes that there is no case law that considers whether solar panels which recieve light from adjoining land can acquire a prescriptive right to receive light through 20 years use and argues that judicial guidance is now needed to determine this issue.
590 ## - LOCAL NOTE (RLIN)
Local note KA
651 #4 - SUBJECT ADDED ENTRY--GEOGRAPHIC NAME
Geographic name United Kingdom
690 ## - LOCAL SUBJECT ADDED ENTRY--TOPICAL TERM (OCLC, RLIN)
Topical term or geographic name as entry element Rights of light
9 (RLIN) 6267
690 ## - LOCAL SUBJECT ADDED ENTRY--TOPICAL TERM (OCLC, RLIN)
Topical term or geographic name as entry element Energy
9 (RLIN) 6237
700 1# - ADDED ENTRY--PERSONAL NAME
Personal name Reading, M.
942 ## - ADDED ENTRY ELEMENTS (KOHA)
Suppress in OPAC 0
Holdings
Withdrawn status Lost status Source of classification or shelving scheme Damaged status Not for loan Home library Current library Shelving location Date acquired Total Checkouts Full call number Barcode Date last seen Copy number Price effective from Koha item type
    Dewey Decimal Classification     London London Journal article 11/06/2015   L158679 158679-1001 06/08/2019 1 06/08/2019 Journal article